000 00418nam a2200157Ia 4500
001 7462
003 IN-NITTTR
005 20251114233028.0
008 251113s9999||||xx |||||||||||||| ||eng||
040 _beng
040 _cIN-NITTTR
041 _aeng
082 _a808.88 R221R
245 0 _aReader's digest, 50th anniversary treasury :
_b a selection of the best of years from the reader's digest /
942 _2ddc
_cBK
999 _c10100
_d10100